000 01273nam a2200349 i 4500
003 CO-BoRNBP
005 20250320113149.0
007 ta
008 231206s2023 ck a|||ar ||| 00| p|spa d
020 _a9786289568943
040 _aCO-BoRNBP
_bspa
_erda
_cCO-BoRNBP
041 1 _aspa
_hita
043 _ae-it---
084 _aP TES1
100 1 _aTessaro, Gek
_d1957-
_eautor
245 1 0 _aAntes estaban los dinosaurios
_cGek Tessaro ; ilustraciones y texto Satoshi Kitamura ; traducción Marta Tutone
250 _aEdición especial
264 1 _aBogotá, Colombia
_bA S ediciones
_c2023
300 _a32 páginas
_bilustraciones a color
_c34 cm
336 _atexto
_btxt
_2rdacontent
337 _asin mediación
_bn
_2rdamedia
338 _avolumen
_bnc
_2rdacarrier
521 _aRecomendado para un público infantil entre 5 a 6 años
534 _tPrima c’erano i dinosauri
650 1 7 _aPoesía infantil italiana
_ySiglo XXI
_2ARMARC
_959370
650 1 7 _aLiteratura infantil italiana
_ySiglo XXI
_2ARMARC
_959371
650 1 7 _aDinosaurios en la literatura
_2ARMARC
650 1 7 _aAnimales prehistóricos en la literatura
_2ARMARC
700 1 _aKitamura, Satoshi
_eilustrador
700 1 _aTutone, Marta
_etraductora
_9871
942 _2loc
_cBKLITI
999 _c57065
_d57065